Teen Frankenstein
| Main Author: | |
|---|---|
| Format: | Book |
| Published: |
New York :
Feiwel and friends ,
2016
|
| Subjects: |
MARC
| LEADER | 00000cam a2200000 7i4500 | ||
|---|---|---|---|
| 001 | 0000220607 | ||
| 005 | 20180504.0 | ||
| 020 | |a 9781250068873 | ||
| 090 | 0 | 0 | |a F |b BAK |
| 100 | 1 | |a Baker, Chandler | |
| 245 | 1 | 0 | |a Teen Frankenstein |c Chandler Baker |
| 260 | |a New York : |b Feiwel and friends , |c 2016 | ||
| 300 | |a 328p. ; |c 21cm. | ||
| 650 | 0 | |a Fiction | |
| 999 | |a 00348900 |b BUKU |c PINJAMAN |e PERPUSTAKAAN KOMUNITI PETALING JAYA | ||